000 00671nam a2200289Ia 4500
005 20260324150918.0
008 008 260324s9999 xx 000 0 eng d
020 _a9781003177630
037 _aEBOOK
040 _aCRL
040 _beng
040 _cCRL
041 _2eng
041 _aeng
084 _qCRL
100 _aD. F. Fraser-Harris
_91228063
245 4 _aThe Rhythms of Life
245 4 _band Other Essays in Science
260 _bTaylor and Francis
260 _c1929
365 _a
365 _b150
856 _uhttp://www.taylorfrancis.com/books/9781003177630
942 _cEBOOK
999 _c1838311
_d1838311